| 000 | 00674nam a22002417a 4500 | ||
|---|---|---|---|
| 003 | UA-OsUOA | ||
| 001 | 21140 | ||
| 007 | ta | ||
| 008 | 20031120b un ||||| |||| 00| 0 ukr d | ||
| 100 | _aТараткевич М.В. | ||
| 090 |
_a94(47+57)"1941/1945" _bТ19 |
||
| 942 | _cBK | ||
| 040 |
_aUA-OsUOA _bukr _cUA-OsUOA _dUA-OsUOA |
||
| 245 |
_aТакой и должна быть легенда _bО партизанах и подпольщиках |
||
| 300 | _a159 с. | ||
| 955 | _a0 | ||
| 041 | _aukr | ||
| 080 | _a94(47+57)"1941/1945" | ||
| 260 |
_aМосква _bПолитиздат _c1985 |
||
| 044 | _aUA | ||
| 650 | 7 | _2UDC | |
| 999 |
_c307333 _d307333 |
||